000
00291nam a2200109Ia 4500
001
588996
005
20250717120840.0
008
250717s9999 xx 000 0 und d
245
0
_a
U-10 ARKADAŞ ARAYAN KÖPEK
_c
YAŞAR KOCA
260
_b
TÜRKİYE DİYANET VAKFI YAYINLARI
_c
2018
300
_b
83
999
_c
588996
_d
588996